|
|
|
|
| LEADER |
00000nab a2200000 a 4500 |
| 001 |
vtls000094903 |
| 003 |
SK-MaSNL |
| 005 |
20260304074313.0 |
| 008 |
250422c1981 xo 0 slo |
| 015 |
|
|
|a SNBRA19rr/mm-uuuuu
|
| 035 |
|
|
|a CL0105006
|
| 035 |
|
|
|a urn:nbn:sk:snk-ab9yng
|
| 035 |
|
|
|a (urnnbn)urn:nbn:sk:snk:ar-a094v9
|
| 035 |
|
|
|a (uuid)f7d7ebd0-83d6-470f-8b72-e7cf2de285cc
|
| 040 |
|
|
|a SNKBUCL
|b slo
|c SNKBUCL
|e AACR2
|
| 041 |
0 |
|
|a slo
|
| 044 |
|
|
|a xo
|c SK
|
| 080 |
|
|
|a 551.5
|2 1981
|
| 080 |
|
|
|a 539
|2 1981
|
| 080 |
|
|
|a 546
|2 1981
|
| 100 |
1 |
|
|a Povinec, Pavel,
|d 1942-
|4 aut
|9 39958
|
| 245 |
1 |
0 |
|a Rádioaktívne izotopy v atmosfére
|c P. Povinec, Sergej Usačev
|
| 300 |
|
|
|b Tb. 3. Res. rus., angl.
|
| 650 |
0 |
7 |
|a atmosféra
|2 snkbucl
|9 3639
|
| 650 |
0 |
7 |
|a znečisťovanie
|2 snkbucl
|9 881500
|
| 655 |
|
7 |
|a články zo zborníkov
|2 snkbucl
|9 166140
|
| 700 |
1 |
|
|a Usačev, Sergej,
|d 1926-1996
|4 aut
|9 6958
|
| 773 |
0 |
|
|t Acta Facultatis rerum naturalium Universitatis Comenianae. Formatio et protectio naturae 6
|d Bratislava : SPN, 1981
|g S. 75-84
|
| 850 |
|
|
|a Slovenská národná knižnica
|
| 852 |
|
|
|a Slovenská národná knižnica
|
| 954 |
|
|
|a odborná, vedecká literatúra pôvodná (slovenská)
|2 lita
|
| 958 |
|
|
|a article13
|
| 958 |
|
|
|a OND
|
| 958 |
|
|
|a RK
|
| 958 |
|
|
|a EUIPO
|
| 992 |
|
|
|a RZB
|
| 999 |
|
|
|c 2775707
|d 2777637
|